| 000 | 00892nam a2200205Ii 4500 | ||
|---|---|---|---|
| 003 | JO-AjNU | ||
| 008 | 230605s9999||||xx |||||||||||||| ||und|| | ||
| 040 |
_aJO-AjNU _bara _erda _cJO-AjNU |
||
| 041 | _aara | ||
| 050 | 1 | 4 | _aBP144.B84 1998 |
| 100 | 3 |
_aالأشقر،محمد سليمان ، ماجد محمد أبو رخية ، محمد عثمان شبير ، عمر سليمان الأشقر, _eauthor _930728 |
|
| 245 | 0 | 0 | _aبحوث فقهية في قضايا إقتصادية معاصرة، ج2 |
| 250 | _aط1 | ||
| 264 | 3 | 1 | _aعمان: دار النفائس للنشر والتوزيع، 1998 |
| 300 | _aمج2 ، 935ص | ||
| 336 |
_atext _btxt _2rdacontent |
||
| 337 |
_aunmediated _bn _2rdamedia |
||
| 338 |
_avolume _bnc _2rdacarrier |
||
| 650 | 4 |
_aالاسلام والاصلاح الاقتصادي- الاسلام والاقتصاد- المعاملات- فقه اسلامي _930729 |
|
| 999 |
_aA12215 _c15783 _d15783 |
||